[Event "Verseau U1400"]
[Site "Chambly CAN"]
[Date "2026.02.11"]
[Round "1.19"]
[White "Tse, Caitlin"]
[Black "Laplante, Germain"]
[Result "1-0"]
[WhiteElo "1044"]
[BlackElo "1192"]
[WhiteFideId "-1"]
[BlackFideId "-1"]
[PlyCount "109"]
[GameId "2291171837665306"]
[EventDate "2026.02.11"]
[EventType "swiss"]
[EventRounds "5"]
[EventCountry "CAN"]

1. e4 c6 2. Nf3 d5 3. Nc3 dxe4 4. Nxe4 Bg4 5. Bc4 e6 6. h3 Bxf3 7. Qxf3 Nf6 8. d3 Be7 9. O-O O-O 10. Bf4 Nbd7 11. Qg3 Nxe4 12. dxe4 Nf6 13. Bh6 Nh5 14. Qg4 Bf6 15. Qxh5 gxh6 16. Qxh6 Bg7 17. Qh5 Bxb2 18. Rab1 Qf6 19. Bd3 Qg7 20. Rfe1 Bc3 21. Re3 Be5 22. Rxb7 Rab8 23. Ba6 Rxb7 24. Bxb7 Rd8 25. Rd3 Rb8 26. f3 Qg3 27. f4 Qe1+ 28. Kh2 Bxf4+ 29. g3 Qf2+ 30. Kh1 Bxg3 31. Qg5+ Kh8 32. Rxg3 Qf1+ 33. Rg1 Qf3+ 34. Rg2 Qf1+ 35. Kh2 Qxg2+ 36. Qxg2 Rxb7 37. Qf2 Kg7 38. e5 Kg8 39. Qg2+ Kf8 40. Qxc6 Rb2 41. Qc5+ Kg7 42. Qg1+ Kf8 43. Kg3 Rxa2 44. c4 Ra3+ 45. Kf4 Rxh3 46. c5 Rh4+ 47. Kg5 Re4 48. c6 Rxe5+ 49. Kf4 Rf5+ 50. Ke4 Ke7 51. Qxa7+ Kd6 52. Qd7+ Kc5 53. c7 Rd5 54. c8=Q+ Kb6 55. Qdb7+ 1-0

[Event "Verseau U1400"]
[Site "Chambly CAN"]
[Date "2026.02.11"]
[Round "1.20"]
[White "Pepin, Pierre-Luc"]
[Black "St-Jacques, Martin"]
[Result "0-1"]
[WhiteElo "1186"]
[BlackElo "981"]
[WhiteFideId "-1"]
[BlackFideId "-1"]
[PlyCount "82"]
[GameId "2291171837665307"]
[EventDate "2026.02.11"]
[EventType "swiss"]
[EventRounds "5"]
[EventCountry "CAN"]

1. d4 d5 2. c4 Nf6 3. e3 e6 4. a3 b6 5. g3 Bb7 6. Bg2 Bd6 7. Nc3 a6 8. cxd5 O-O 9. e4 exd5 10. e5 Be7 11. exf6 Bxf6 12. Nge2 a5 13. O-O Ba6 14. Nxd5 Re8 15. Ndc3 c6 16. d5 c5 17. d6 Ra7 18. Ne4 Nd7 19. h4 Bb7 20. Nxf6+ Nxf6 21. Bxb7 Rxb7 22. Nc3 b5 23. Qf3 Rb6 24. Bf4 Ra6 25. Nxb5 Rb6 26. a4 h6 27. Rac1 Ne4 28. Rfd1 Qf6 29. Qa3 g5 30. hxg5 hxg5 31. Be3 Nxd6 32. Nxd6 Rxd6 33. Rxd6 Qxd6 34. Bxg5 Qd7 35. Be3 c4 36. Rxc4 Qd1+ 37. Kh2 Kg7 38. Qc3+ f6 39. Rc7+ Kg6 40. Qxa5 Rh8+ 41. Kg2 Qh1# 0-1

[Event "Verseau U1400"]
[Site "Chambly CAN"]
[Date "2026.02.11"]
[Round "1.21"]
[White "Capotorto, Michele"]
[Black "Raymond, Frederic"]
[Result "0-1"]
[WhiteElo "906"]
[BlackElo "1175"]
[WhiteFideId "-1"]
[BlackFideId "-1"]
[PlyCount "66"]
[GameId "2291171837665308"]
[EventDate "2026.02.11"]
[EventType "swiss"]
[EventRounds "5"]
[EventCountry "CAN"]

1. e4 e5 2. Nf3 d6 3. d4 exd4 4. Nxd4 g6 5. Bc4 Bg7 6. O-O Ne7 7. Nc3 c5 8. Nf3 Bxc3 9. bxc3 O-O 10. Bb2 Nbc6 11. Ng5 Ne5 12. Bd5 N7c6 13. c4 Qxg5 14. Qe1 Nf3+ 15. Kh1 Nxe1 16. Raxe1 Be6 17. Bxc6 bxc6 18. e5 dxe5 19. Rxe5 Qd2 20. Rxc5 Qxc2 21. Ba3 Rfc8 22. Bc1 Qxa2 23. Bh6 f5 24. Re5 Qxc4 25. Rb1 Rab8 26. Rc1 Qd4 27. Rxe6 Qxf2 28. Re7 Qd4 29. Bg7 Qxg7 30. Rxg7+ Kxg7 31. Re1 Re8 32. Rg1 Re4 33. h4 Rxh4# 0-1

[Event "Verseau U1400"]
[Site "Chambly CAN"]
[Date "2026.02.18"]
[Round "2.11"]
[White "Alameddine, Karim"]
[Black "Raymond, Frederic"]
[Result "0-1"]
[WhiteElo "1376"]
[BlackElo "1175"]
[WhiteFideId "-1"]
[BlackFideId "-1"]
[PlyCount "60"]
[GameId "2291171837722663"]
[EventDate "2026.02.11"]
[EventType "swiss"]
[EventRounds "5"]
[EventCountry "CAN"]

1. e4 e5 2. d3 d6 3. h3 b6 4. Nf3 Bb7 5. g3 Nc6 6. c3 g6 7. Bg2 Bg7 8. Nbd2 Nge7 9. O-O Qd7 10. Kh2 h5 11. Nc4 f6 12. Ne3 g5 13. Ng1 h4 14. g4 O-O-O 15. b4 Rdf8 16. Qe2 Nd8 17. Nf5 Nxf5 18. exf5 Bxg2 19. Kxg2 Nb7 20. f3 Re8 21. Qc2 d5 22. Ne2 Bf8 23. a3 Bd6 24. c4 d4 25. Bd2 c6 26. Qa4 Bb8 27. Qb3 Qc7 28. Qb2 c5 29. a4 e4 30. dxe4 Qh2# 0-1

[Event "Verseau U1400"]
[Site "Chambly CAN"]
[Date "2026.02.18"]
[Round "2.12"]
[White "Raymond, Pierre"]
[Black "St-Laurent, Luc"]
[Result "1-0"]
[WhiteElo "1060"]
[BlackElo "1330"]
[WhiteFideId "-1"]
[BlackFideId "-1"]
[PlyCount "43"]
[GameId "2291171837726760"]
[EventDate "2026.02.11"]
[EventType "swiss"]
[EventRounds "5"]
[EventCountry "CAN"]

1. e4 c5 2. Nf3 d6 3. Bc4 Nc6 4. c3 Nf6 5. d3 a6 6. Bb3 b5 7. Nbd2 g6 8. Ng5 e6 9. a3 h6 10. Ngf3 Bg7 11. Bc2 Ng4 12. h3 Nge5 13. Nxe5 Bxe5 14. Nf3 Bg7 15. Be3 d5 16. Bxc5 Bb7 17. d4 e5 18. Qe2 Rc8 19. exd5 Qxd5 20. Be4 Qd7 21. O-O-O exd4 22. Bxc6+ 1-0

[Event "Verseau U1400"]
[Site "Chambly CAN"]
[Date "2026.02.18"]
[Round "2.13"]
[White "Joyal, Logan"]
[Black "Tse, Caitlin"]
[Result "1-0"]
[WhiteElo "1271"]
[BlackElo "1044"]
[WhiteFideId "-1"]
[BlackFideId "-1"]
[PlyCount "81"]
[GameId "2291171837726761"]
[EventDate "2026.02.11"]
[EventType "swiss"]
[EventRounds "5"]
[EventCountry "CAN"]

1. e4 e5 2. Nf3 Nc6 3. Bc4 Bc5 4. O-O d6 5. c3 Bg4 6. h3 Bh5 7. Be2 Nf6 8. d4 exd4 9. cxd4 Bxf3 10. dxc5 Bxe2 11. Qxe2 dxc5 12. Qb5 O-O 13. Nc3 Re8 14. Bg5 a6 15. Qxc5 Re5 16. Qc4 Rxg5 17. f4 Rg6 18. e5 Nd7 19. Rad1 Qe7 20. Nd5 Qh4 21. Nxc7 Qxh3 22. Rf2 Rc8 23. Qe4 Rxc7 24. Qxg6 hxg6 25. gxh3 Nb4 26. a3 Nc2 27. Rxd7 Rxd7 28. Rxc2 Rd4 29. Rc8+ Kh7 30. Rc7 Rxf4 31. Rxb7 Rf5 32. Re7 Rf3 33. Kg2 Re3 34. Kf2 Rxh3 35. Rxf7 Rh2+ 36. Ke3 Rxb2 37. e6 Rb8 38. Kf4 Re8 39. Ke5 Kg8 40. Kd6 Rf8 41. Ke7 1-0

[Event "Verseau U1400"]
[Site "Chambly CAN"]
[Date "2026.02.18"]
[Round "2.14"]
[White "St-Jacques, Martin"]
[Black "Tazi, Mohammed"]
[Result "0-1"]
[WhiteElo "981"]
[BlackElo "1267"]
[WhiteFideId "-1"]
[BlackFideId "-1"]
[PlyCount "48"]
[GameId "2291171837726762"]
[EventDate "2026.02.11"]
[EventType "swiss"]
[EventRounds "5"]
[EventCountry "CAN"]

1. e4 c5 2. Bc4 Nc6 3. Nc3 e6 4. Nf3 d6 5. d4 cxd4 6. Nxd4 Nxd4 7. Qxd4 Nf6 8. O-O e5 9. Qd3 Be7 10. Nd5 Nxd5 11. Bxd5 O-O 12. Qg3 Bh4 13. Qf3 Kh8 14. Qg4 Bxg4 15. g3 Bh3 16. Re1 Bg5 17. f4 exf4 18. gxf4 Bh4 19. e5 Bxe1 20. Be3 Bd2 21. Bxd2 Qb6+ 22. Kh1 Qd4 23. Rd1 Qxd5+ 24. Kg1 Qg2# 0-1

[Event "Verseau U1400"]
[Site "Chambly CAN"]
[Date "2026.02.18"]
[Round "2.15"]
[White "Doyon, Martin"]
[Black "Costa, Esteban"]
[Result "1-0"]
[WhiteElo "1326"]
[BlackElo "1023"]
[WhiteFideId "-1"]
[BlackFideId "-1"]
[PlyCount "93"]
[GameId "2291171837726763"]
[EventDate "2026.02.11"]
[EventType "swiss"]
[EventRounds "5"]
[EventCountry "CAN"]

1. d4 e6 2. e3 Nf6 3. Bd3 Nc6 4. f4 b6 5. Nf3 Be7 6. O-O O-O 7. Nbd2 Bb7 8. Ne5 Nxe5 9. fxe5 Nd5 10. Nf3 c5 11. c3 d6 12. Be4 f5 13. exf6 Bxf6 14. Qe1 e5 15. c4 exd4 16. Bxd5+ Bxd5 17. cxd5 dxe3 18. Bxe3 Re8 19. Qf2 Qe7 20. Rae1 Qf7 21. Qd2 h6 22. b3 Qg6 23. Bf4 Rad8 24. Rxe8+ Qxe8 25. Re1 Qf7 26. Re6 Be7 27. Qe3 Qf5 28. Rxe7 Qxd5 29. Qe6+ Qxe6 30. Rxe6 d5 31. Rd6 Rf8 32. Bg3 d4 33. Rd7 a5 34. Be5 Rf7 35. Rxf7 Kxf7 36. Kf2 Ke6 37. Bxg7 b5 38. Bxh6 c4 39. bxc4 bxc4 40. Nxd4+ Kd5 41. Ke3 c3 42. h4 Kc4 43. Bg7 Kb4 44. a3+ Kxa3 45. Nb5+ Kb3 46. Nxc3 Kb4 47. h5 1-0

[Event "Verseau U1400"]
[Site "Chambly CAN"]
[Date "2026.02.18"]
[Round "2.17"]
[White "Drolet, Emilien"]
[Black "Morasse, Daniel"]
[Result "0-1"]
[WhiteElo "979"]
[BlackElo "1313"]
[WhiteFideId "-1"]
[BlackFideId "-1"]
[PlyCount "54"]
[GameId "2291171837734957"]
[EventDate "2026.02.11"]
[EventType "swiss"]
[EventRounds "5"]
[EventCountry "CAN"]

1. e4 e5 2. Nf3 d6 3. Bc4 Be7 4. d3 Nf6 5. Nc3 Nc6 6. O-O O-O 7. Be3 Be6 8. Bxe6 fxe6 9. Ng5 Qd7 10. f4 d5 11. fxe5 d4 12. Bxd4 Qxd4+ 13. Kh1 Qxe5 14. Nf3 Bc5 15. Nxe5 Bd4 16. Nf3 Bb6 17. e5 Ng4 18. d4 Ne3 19. Qe1 Nxc2 20. Qc1 Nxa1 21. Qxa1 Rf7 22. Ng5 Rxf1+ 23. Qxf1 Rf8 24. Qc4 Nd8 25. Nxe6 Nxe6 26. Qxe6+ Kh8 27. d5 Rf1# 0-1

[Event "Verseau U1400"]
[Site "Chambly CAN"]
[Date "2026.02.18"]
[Round "2.18"]
[White "Savard, Alain"]
[Black "Coutu, Olivier"]
[Result "0-1"]
[WhiteElo "1124"]
[BlackElo "1199"]
[WhiteFideId "-1"]
[BlackFideId "-1"]
[PlyCount "46"]
[GameId "2291171837739054"]
[EventDate "2026.02.11"]
[EventType "swiss"]
[EventRounds "5"]
[EventCountry "CAN"]

1. d4 e6 2. Bf4 g6 3. e4 d5 4. e5 c5 5. Bb5+ Nc6 6. Nf3 Bd7 7. Nc3 cxd4 8. Nxd4 Bc5 9. Nxc6 Bxc6 10. Bxc6+ bxc6 11. Qd2 Ne7 12. g4 Qa5 13. Be3 Bxe3 14. fxe3 Qb4 15. O-O-O a5 16. e4 O-O 17. a3 Qb7 18. h4 Rfb8 19. Na4 dxe4 20. h5 Qb5 21. h6 Nd5 22. Qd4 Nb4 23. Qd8+ Rxd8 0-1

[Event "Verseau U1400"]
[Site "Chambly CAN"]
[Date "2026.02.18"]
[Round "2.19"]
[White "Laplante, Germain"]
[Black "Monette, Andre"]
[Result "0-1"]
[WhiteElo "1192"]
[BlackElo "1098"]
[WhiteFideId "-1"]
[BlackFideId "-1"]
[PlyCount "92"]
[GameId "2291171837739055"]
[EventDate "2026.02.11"]
[EventType "swiss"]
[EventRounds "5"]
[EventCountry "CAN"]

1. d4 d5 2. Bf4 Bf5 3. e3 Nf6 4. Bd3 Bg6 5. Nf3 e6 6. Ne5 Bd6 7. Nd2 Bxd3 8. cxd3 c5 9. dxc5 Bxc5 10. d4 Bb4 11. Qa4+ Nc6 12. Nxc6 Bxd2+ 13. Kxd2 bxc6 14. f3 O-O 15. Rac1 Qb6 16. b3 Rfc8 17. b4 a5 18. Rb1 axb4 19. Qb3 Nd7 20. Bd6 Qa5 21. Bxb4 Qxa2+ 22. Rb2 Qxb3 23. Rxb3 Ra2+ 24. Kd3 c5 25. Bxc5 Nxc5+ 26. dxc5 Rxg2 27. Rc1 h6 28. c6 Ra2 29. c7 Raa8 30. Rb7 Kh7 31. Rcb1 Ra3+ 32. Kd4 Ra5 33. Ke5 Ra6 34. Rd1 Rc6 35. Rb4 R8xc7 36. e4 f6+ 37. Kf4 Rc4 38. Rb6 e5+ 39. Kf5 dxe4 40. fxe4 Rc2 41. h3 h5 42. Ke6 R2c6+ 43. Rd6 Rxb6 44. Rxb6 Rc3 45. Kf7 Rxh3 46. Rb8 Rg3 0-1

[Event "Verseau U1400"]
[Site "Chambly CAN"]
[Date "2026.02.25"]
[Round "3.8"]
[White "Raymond, Frederic"]
[Black "Joyal, Logan"]
[Result "0-1"]
[WhiteElo "1175"]
[BlackElo "1271"]
[WhiteFideId "-1"]
[BlackFideId "-1"]
[PlyCount "84"]
[GameId "2291171837751352"]
[EventDate "2026.02.11"]
[EventType "swiss"]
[EventRounds "5"]
[EventCountry "CAN"]

1. e4 b6 2. g3 Bb7 3. Bg2 e5 4. Ne2 Nf6 5. d3 d5 6. exd5 Bxd5 7. Bxd5 Qxd5 8. O-O h6 9. Re1 Be7 10. c4 Qf3 11. Nec3 Qxd1 12. Rxd1 c6 13. Re1 Nbd7 14. Nd2 O-O-O 15. a4 Bc5 16. Nde4 Ng4 17. Nxc5 Nxc5 18. h3 Nxd3 19. Re2 Ngxf2 20. Rxf2 Nxf2 21. Kxf2 Rd4 22. a5 Kb7 23. axb6 axb6 24. b3 Rd3 25. Ne4 f5 26. Nd2 e4 27. Nf1 Rxb3 28. Ne3 Rf8 29. Ba3 c5 30. Nd5 Ra8 31. Nxb6 Rbxa3 32. Rxa3 Rxa3 33. Nd5 Ra2+ 34. Ke3 Ra4 35. Kf4 g6 36. Ne3 Ra3 37. Nd5 Rf3+ 38. Ke5 e3 39. Nc3 e2 40. Nxe2 Re3+ 41. Kd5 Rxe2 42. Kxc5 Re3 0-1

[Event "Verseau U1400"]
[Site "Chambly CAN"]
[Date "2026.02.25"]
[Round "3.9"]
[White "Tazi, Mohammed"]
[Black "Raymond, Pierre"]
[Result "1-0"]
[WhiteElo "1267"]
[BlackElo "1060"]
[WhiteFideId "-1"]
[BlackFideId "-1"]
[PlyCount "57"]
[GameId "2291171837755449"]
[EventDate "2026.02.11"]
[EventType "swiss"]
[EventRounds "5"]
[EventCountry "CAN"]

1. e4 c5 2. Nc3 Nc6 3. Nf3 e6 4. Bc4 d6 5. a3 Nf6 6. d3 Be7 7. Bg5 O-O 8. h3 a6 9. O-O b5 10. Ba2 Qc7 11. Qc1 Nd4 12. Nxd4 cxd4 13. Ne2 e5 14. f4 Nh5 15. f5 Bf6 16. Bxf6 Nxf6 17. Bb3 Bb7 18. Ng3 d5 19. Qe1 Qc5 20. Kh1 Rad8 21. Qe2 dxe4 22. Nxe4 Qc6 23. Rae1 Nd5 24. f6 g6 25. Rf3 Nf4 26. Qf2 Qc7 27. Qh4 Bd5 28. Rxf4 exf4 29. Qh6 1-0

[Event "Verseau U1400"]
[Site "Chambly CAN"]
[Date "2026.02.25"]
[Round "3.10"]
[White "Doyon, Martin"]
[Black "De Guise, Ronald"]
[Result "0-1"]
[WhiteElo "1326"]
[BlackElo "1261"]
[WhiteFideId "-1"]
[BlackFideId "-1"]
[PlyCount "108"]
[GameId "2291171837755450"]
[EventDate "2026.02.11"]
[EventType "swiss"]
[EventRounds "5"]
[EventCountry "CAN"]

1. e4 e5 2. Nc3 Nc6 3. Bc4 Nf6 4. d3 Na5 5. Bb3 Nxb3 6. axb3 Bb4 7. f4 d5 8. Bd2 d4 9. Na2 Bxd2+ 10. Qxd2 Ng4 11. O-O-O Ne3 12. Re1 exf4 13. Nf3 c5 14. Kb1 a5 15. c3 Be6 16. c4 a4 17. b4 b6 18. b5 f6 19. Reg1 Qc7 20. Nh4 a3 21. b3 O-O 22. g3 fxg3 23. Rxg3 f5 24. Rhg1 Rf7 25. Ng2 f4 26. Rg5 Nxg2 27. R1xg2 f3 28. Rf2 Raf8 29. Rg3 Rf4 30. Qd1 Bg4 31. Qg1 Qd7 32. b4 R8f6 33. bxc5 bxc5 34. Nc1 Rg6 35. Ka2 Rff6 36. Nb3 Qc8 37. Nxc5 Qxc5 38. Rxg4 Qb6 39. Rxg6 Rxg6 40. Qd1 Rf6 41. h4 h6 42. Qb1 Qc5 43. Qd1 Qh5 44. Qh1 Qf7 45. Qh3 Rf4 46. Qc8+ Kh7 47. Qh3 h5 48. Qg3 Rf6 49. Qh3 Qg6 50. Qh2 Qh6 51. Qh1 Qe3 52. Qf1 Rg6 53. Rxf3 Qd2+ 54. Ka1 Qb2# 0-1

[Event "Verseau U1400"]
[Site "Chambly CAN"]
[Date "2026.02.25"]
[Round "3.11"]
[White "Rodriguez Ocon, Manuel"]
[Black "Alameddine, Karim"]
[Result "0-1"]
[WhiteElo "1132"]
[BlackElo "1376"]
[WhiteFideId "-1"]
[BlackFideId "-1"]
[PlyCount "74"]
[GameId "2291171837755451"]
[EventDate "2026.02.11"]
[EventType "swiss"]
[EventRounds "5"]
[EventCountry "CAN"]

1. e4 e5 2. Nc3 c6 3. Bc4 Nf6 4. d3 h6 5. Nf3 d6 6. O-O g6 7. b4 Bg7 8. b5 O-O 9. Bb2 Qe7 10. a4 a5 11. d4 Nh5 12. dxe5 dxe5 13. Ba3 c5 14. Nd5 Qd6 15. h3 b6 16. Nh4 Kh7 17. Qf3 Qd8 18. g3 Bxh3 19. Rfd1 Nd7 20. Nxb6 Qxb6 21. Rxd7 Bxd7 22. Bxf7 Be8 23. Qb3 Bxf7 24. Qe3 Rfe8 25. c4 Nf6 26. Nf3 Ng4 27. Qe2 Be6 28. Rd1 Rad8 29. Nd2 Nf6 30. Rc1 Bg4 31. Qe3 h5 32. Kg2 Bh6 33. f4 exf4 34. gxf4 Bf8 35. e5 Qb7+ 36. Kg3 Rxd2 37. Qxd2 Ne4+ 0-1

[Event "Verseau U1400"]
[Site "Chambly CAN"]
[Date "2026.02.25"]
[Round "3.12"]
[White "St-Laurent, Luc"]
[Black "Barrette, Mathieu"]
[Result "1-0"]
[WhiteElo "1330"]
[BlackElo "1174"]
[WhiteFideId "-1"]
[BlackFideId "-1"]
[PlyCount "75"]
[GameId "2291171837755452"]
[EventDate "2026.02.11"]
[EventType "swiss"]
[EventRounds "5"]
[EventCountry "CAN"]

1. d4 d5 2. Nf3 g6 3. g3 Bg7 4. Bg2 Bg4 5. h3 Bxf3 6. Bxf3 e6 7. O-O Ne7 8. c3 Nbc6 9. Nd2 e5 10. dxe5 Nxe5 11. Bg2 h5 12. Nf3 Nf5 13. Nxe5 Bxe5 14. Qxd5 Qxd5 15. Bxd5 c6 16. Bg2 O-O-O 17. e4 Ng7 18. Be3 Kb8 19. Rfd1 f5 20. exf5 Nxf5 21. Bg5 Rxd1+ 22. Rxd1 Bc7 23. a4 a6 24. b4 Nd6 25. h4 Nf7 26. Bf6 Re8 27. Bf1 Ne5 28. Kg2 Ng4 29. Bg5 Bb6 30. f3 Ne3+ 31. Bxe3 Rxe3 32. Rd3 Kc7 33. Rxe3 Bxe3 34. b5 cxb5 35. axb5 axb5 36. Bxb5 Kd8 37. Bd3 g5 38. Bg6 1-0

[Event "Verseau U1400"]
[Site "Chambly CAN"]
[Date "2026.02.25"]
[Round "3.13"]
[White "Morasse, Daniel"]
[Black "Monette, Andre"]
[Result "1-0"]
[WhiteElo "1313"]
[BlackElo "1098"]
[WhiteFideId "-1"]
[BlackFideId "-1"]
[PlyCount "45"]
[GameId "2291171837759549"]
[EventDate "2026.02.11"]
[EventType "swiss"]
[EventRounds "5"]
[EventCountry "CAN"]

1. e3 c5 2. d4 e6 3. Nf3 d5 4. c4 Nf6 5. Nc3 a6 6. cxd5 Nxd5 7. Bd3 Nxc3 8. bxc3 Nc6 9. O-O b5 10. Be4 Bd7 11. d5 Ne7 12. dxe6 Bc6 13. exf7+ Kxf7 14. Ne5+ Kg8 15. Bxc6 Qxd1 16. Rxd1 h6 17. Bxa8 g5 18. Rd8 c4 19. Ba3 Rh7 20. Nd7 Rf7 21. Bxe7 Rxe7 22. Bd5+ Kg7 23. Nxf8 1-0

[Event "Verseau U1400"]
[Site "Chambly CAN"]
[Date "2026.02.25"]
[Round "3.14"]
[White "Coutu, Olivier"]
[Black "Tse, Caitlin"]
[Result "1-0"]
[WhiteElo "1199"]
[BlackElo "1044"]
[WhiteFideId "-1"]
[BlackFideId "-1"]
[PlyCount "87"]
[GameId "2291171837759550"]
[EventDate "2026.02.11"]
[EventType "swiss"]
[EventRounds "5"]
[EventCountry "CAN"]

1. e4 c6 2. Nf3 d5 3. exd5 cxd5 4. d4 Nc6 5. c4 Nf6 6. Nc3 a6 7. Bf4 Bf5 8. Qb3 e6 9. a3 Be7 10. cxd5 exd5 11. Qxb7 Na5 12. Qc7 Qxc7 13. Bxc7 Nc4 14. Bxc4 dxc4 15. Ne5 O-O 16. O-O Rac8 17. Ba5 Bd6 18. f4 Rfe8 19. Rae1 Nh5 20. Ne4 Bxe4 21. Rxe4 f6 22. Nxc4 Rxe4 23. Nxd6 Rxd4 24. Nxc8 Nxf4 25. Bc3 Rd3 26. Rxf4 Kf7 27. Rd4 Re3 28. Kf2 Re6 29. Rd6 Re8 30. Rxf6+ Kg8 31. Rc6 Kf8 32. Rc7 g6 33. Nd6 Rd8 34. Rf7+ Kg8 35. Rg7+ Kf8 36. Ne4 Rc8 37. Ng5 Rxc3 38. Rf7+ Kg8 39. bxc3 h6 40. Ra7 hxg5 41. c4 Kf8 42. Rxa6 Kf7 43. c5 Ke7 44. Rd6 1-0

[Event "Verseau U1400"]
[Site "Chambly CAN"]
[Date "2026.02.25"]
[Round "3.15"]
[White "Costa, Esteban"]
[Black "Capotorto, Michele"]
[Result "0-1"]
[WhiteElo "1023"]
[BlackElo "906"]
[WhiteFideId "-1"]
[BlackFideId "-1"]
[PlyCount "112"]
[GameId "2291171837759551"]
[EventDate "2026.02.11"]
[EventType "swiss"]
[EventRounds "5"]
[EventCountry "CAN"]

1. e4 e5 2. Nf3 Nf6 3. Nc3 d5 4. exd5 Nxd5 5. Nxd5 Qxd5 6. b3 g6 7. Bb2 Bg7 8. Bc4 Qc5 9. O-O O-O 10. Re1 Nd7 11. Ng5 Qe7 12. a3 Qxg5 13. h3 b6 14. Bd5 Rb8 15. d4 Bb7 16. dxe5 Rfe8 17. Bxb7 Rxb7 18. Qxd7 Rd8 19. Qc6 Rbb8 20. Rad1 h5 21. Rd5 Kh7 22. c4 a5 23. Bc1 Qe7 24. Rxd8 Qxd8 25. Bf4 Qd4 26. Qxc7 Rd8 27. Qxf7 Qb2 28. e6 Rf8 29. Bc1 Qc3 30. Qd7 Qxe1+ 31. Kh2 Qxc1 32. e7 Qf4+ 33. Kh1 Qc1+ 34. Kh2 Be5+ 35. f4 Bxf4+ 36. g3 Qc2+ 37. Kh1 Qc1+ 38. Kg2 Qb2+ 39. Kh1 Rf7 40. Qe8 Qc1+ 41. Kg2 Qd2+ 42. Kh1 Qe1+ 43. Kg2 Qxg3+ 44. Kf1 Bd2+ 45. Ke2 Qe3+ 46. Kd1 Qe1+ 47. Kc2 Rxe7 48. Qxe7+ Qxe7 49. Kxd2 Kg7 50. h4 Kf6 51. Kc3 Qe6 52. b4 Qe1+ 53. Kb3 Ke6 54. c5 Qb1+ 55. Kc4 Qa1 56. cxb6 axb4 0-1

[Event "Verseau U1400"]
[Site "Chambly CAN"]
[Date "2026.03.04"]
[Round "4.7"]
[White "Joyal, Logan"]
[Black "Tazi, Mohammed"]
[Result "1-0"]
[WhiteElo "1271"]
[BlackElo "1267"]
[WhiteFideId "-1"]
[BlackFideId "-1"]
[PlyCount "81"]
[GameId "2291171837771848"]
[EventDate "2026.02.11"]
[EventType "swiss"]
[EventRounds "5"]
[EventCountry "CAN"]

1. e4 e5 2. d4 exd4 3. c3 dxc3 4. Bc4 Qf6 5. Nxc3 Bc5 6. Nf3 h6 7. Nd5 Qd6 8. Bf4 Bb4+ 9. Kf1 Qc5 10. Nxc7+ Kf8 11. Ne5 Nf6 12. Bxf7 d6 13. Be6 Qxc7 14. Ng6+ Ke8 15. Rc1 Nc6 16. Bxc8 Rxc8 17. Nxh8 g5 18. Qb3 Kf8 19. e5 Nh5 20. exd6 Qd7 21. Be5 Qf5 22. g4 Qh7 23. gxh5 Rd8 24. Ng6+ Ke8 25. Qe6+ Ne7 26. dxe7 Bxe7 27. Bf6 Qf7 28. Qxf7+ Kxf7 29. Bxe7 Rd7 30. Bxg5 hxg5 31. Ne5+ Kg7 32. Nxd7 Kh6 33. Nf6 Kg7 34. Rc7+ Kxf6 35. h6 Ke6 36. h7 Kd6 37. Rg7 a6 38. h8=Q Kc5 39. Qd8 b6 40. Rxg5+ Kc6 41. Qf6+ 1-0

[Event "Verseau U1400"]
[Site "Chambly CAN"]
[Date "2026.03.04"]
[Round "4.8"]
[White "De Guise, Ronald"]
[Black "St-Laurent, Luc"]
[Result "1-0"]
[WhiteElo "1261"]
[BlackElo "1330"]
[WhiteFideId "-1"]
[BlackFideId "-1"]
[PlyCount "29"]
[GameId "2291171837771849"]
[EventDate "2026.02.11"]
[EventType "swiss"]
[EventRounds "5"]
[EventCountry "CAN"]

1. e4 c5 2. Nf3 d6 3. c3 Nf6 4. Be2 Nxe4 5. Qa4+ Nc6 6. Qxe4 g6 7. Na3 a6 8. Qc2 Bg7 9. O-O b5 10. Rd1 c4 11. d4 Bf5 12. Qd2 d5 13. Nc2 Qd6 14. Ne3 Bh6 15. Nxf5 1-0

[Event "Verseau U1400"]
[Site "Chambly CAN"]
[Date "2026.03.04"]
[Round "4.9"]
[White "Alameddine, Karim"]
[Black "Coutu, Olivier"]
[Result "1-0"]
[WhiteElo "1376"]
[BlackElo "1199"]
[WhiteFideId "-1"]
[BlackFideId "-1"]
[PlyCount "89"]
[GameId "2291171837775946"]
[EventDate "2026.02.11"]
[EventType "swiss"]
[EventRounds "5"]
[EventCountry "CAN"]

1. e4 e5 2. d3 Bc5 3. Nf3 d6 4. h3 Nc6 5. c3 Nf6 6. g3 O-O 7. Bg2 h6 8. a3 d5 9. Qe2 Be6 10. O-O dxe4 11. dxe4 Nh5 12. Kh2 f5 13. Nxe5 Nxg3 14. Nxc6 Qd6 15. fxg3 bxc6 16. e5 Qe7 17. Bf4 g5 18. Be3 Bd5 19. Bd4 Bxg2 20. Qxg2 Bxd4 21. cxd4 Rab8 22. Nc3 c5 23. Qd5+ Kh8 24. Na4 Qe8 25. b3 Qh5 26. Ra2 f4 27. g4 Qh4 28. Rf3 cxd4 29. Nc5 Rfd8 30. Nd7 Qe1 31. Qxd4 Kg8 32. Qd5+ Kg7 33. b4 Rb6 34. Qd4 Re6 35. Qc4 Rxd7 36. Qxe6 Rd2+ 37. Rxd2 Qxd2+ 38. Kg1 Qe1+ 39. Kg2 Qe2+ 40. Rf2 Qe4+ 41. Kh2 Qe3 42. Rg2 f3 43. Ra2 Qf4+ 44. Kh1 f2 45. Qf6+ 1-0

[Event "Verseau U1400"]
[Site "Chambly CAN"]
[Date "2026.03.04"]
[Round "4.10"]
[White "Raymond, Pierre"]
[Black "Morasse, Daniel"]
[Result "0-1"]
[WhiteElo "1060"]
[BlackElo "1313"]
[WhiteFideId "-1"]
[BlackFideId "-1"]
[PlyCount "94"]
[GameId "2291171837775947"]
[EventDate "2026.02.11"]
[EventType "swiss"]
[EventRounds "5"]
[EventCountry "CAN"]

1. e4 e6 2. d4 d5 3. Nc3 c5 4. e5 Nc6 5. Nf3 cxd4 6. Nxd4 Nxe5 7. Be2 Nf6 8. h3 Bc5 9. Bf4 Nc6 10. Ncb5 e5 11. Nxc6 bxc6 12. Bxe5 cxb5 13. Bxf6 Qxf6 14. Qxd5 Qxf2+ 15. Kd1 Qd4+ 16. Qxd4 Bxd4 17. Bxb5+ Kf8 18. c3 Bf6 19. Re1 Be6 20. Kc2 g6 21. Rad1 Kg7 22. Re2 Bf5+ 23. Kb3 h5 24. a4 Rhb8 25. Ka3 a5 26. Rd6 Ra7 27. Red2 Be7 28. Be2 Bxd6+ 29. Rxd6 Rab7 30. Bb5 Re7 31. Rd4 Re1 32. Kb3 Be6+ 33. Kc2 Rg1 34. g4 hxg4 35. hxg4 Bxg4 36. Bc4 Rg2+ 37. Kd3 Rbxb2 38. Rf4 Rbd2+ 39. Ke3 Bf5 40. Bb5 Rc2 41. c4 Rc3+ 42. Kd4 Rd3+ 43. Kc5 Rg5 44. Kb6 Rg4 45. Rf1 Be6 46. Rc1 Rdd4 47. Kxa5 Bxc4 0-1

[Event "Verseau U1400"]
[Site "Chambly CAN"]
[Date "2026.03.04"]
[Round "4.11"]
[White "Capotorto, Michele"]
[Black "Doyon, Martin"]
[Result "0-1"]
[WhiteElo "906"]
[BlackElo "1326"]
[WhiteFideId "-1"]
[BlackFideId "-1"]
[PlyCount "64"]
[GameId "2291171837775948"]
[EventDate "2026.02.11"]
[EventType "swiss"]
[EventRounds "5"]
[EventCountry "CAN"]

1. e4 d6 2. d4 Nf6 3. Nf3 Nxe4 4. Bc4 d5 5. Bb3 g6 6. O-O Bg7 7. Nbd2 Nf6 8. Ne5 O-O 9. Re1 Nbd7 10. c4 c6 11. cxd5 cxd5 12. Ndf3 e6 13. Bg5 Qb6 14. Qd2 Nxe5 15. Rxe5 Ne4 16. Qf4 f6 17. Rxe4 fxg5 18. Qg4 dxe4 19. Nxg5 Qxd4 20. Bxe6+ Bxe6 21. Qxe6+ Kh8 22. Nf7+ Rxf7 23. Qxf7 Rf8 24. Qxf8+ Bxf8 25. Rf1 Qxb2 26. h4 Bc5 27. Kh2 Bxf2 28. Kh3 h5 29. Kh2 Qe2 30. Rxf2 Qxf2 31. Kh3 e3 32. g3 e2 0-1